000 00245nam a2200097Ia 4500
008 170619s9999 xx 000 0 und d
100 _aThayer/ Yourdon
245 0 _aSoftware engineering project management
260 _bSingapore; Wiley
260 _c2004
546 _aENGLISH
999 _c17889
_d17889